Sentencia pronunciada contra don Rodrigo Calderón en el pleito que tiene con el licenciado García Pérez de Aranciel

Detalles Bibliográficos
Formato: Libro
Publicado: Lisboa, s.f.
Materias:
Colección:Banco de datos
Acervo:Biblioteca Palafoxiana. Colección de Manuscritos
Descripción Física:2 f. ; 21 x 30 cm.
Tema general:Civil
LEADER 00418nam a22001330004500
035 |a 4776 
245 1 0 |a Sentencia pronunciada contra don Rodrigo Calderón en el pleito que tiene con el licenciado García Pérez de Aranciel 
260 |a Lisboa, s.f. 
300 |a 2 f. ; 21 x 30 cm.  
650 1 0 |a Civil 
949 |a R517/015 
942 |c PALAMANU 
943 |g Biblioteca Palafoxiana. Colección de Manuscritos 
999 |c 1072721  |d 1072721